000
00291nam a2200109Ia 4500
008
171205s9999 xx 000 0 und d
020
_a
9780753731062
100
_a
Thomas, Paul
245
_a
Drawing a foundation course
260
_b
Octopus Publishing Group Ltd.
_c
2003
300
_a
144 pages
999
_c
347394
_d
347394